000 00818nam a2200205Ii 4500
003 JO-AjNU
008 230605s9999||||xx |||||||||||||| ||und||
040 _aJO-AjNU
_bara
_erda
_cJO-AjNU
041 _aara
050 1 4 _aK1005.4.S276.1989
100 3 _a الشرقاوي، محمود سمير,
_eauthor
_944859
245 0 0 _aالقانون التجاري: النظرية العامة للمشروع - المشروع الخاص - المشروع العام - الأموال التجارية للمشروع، الجزء الاول
250 _a(د،ط)
264 3 1 _aالقاهرة : دار النهضة العربية ، 1989
300 _aج1، 631ص
336 _atext
_btxt
_2rdacontent
337 _aunmediated
_bn
_2rdamedia
338 _avolume
_bnc
_2rdacarrier
650 4 _aقانون تجاري
_944860
999 _aA19402
_c22970
_d22970